Flora and vegetation of the Bodrog catchment area (International expedition to the Upper Tisza region)

Bibliographic Details
Main Authors: Kricsfalusy, Vladimir (Author), Mihály, Andriy (Author)
Format: Article
Language:Slovak
English
ISSN:1210-0420
Subjects:

MARC

LEADER 00000nab a2200000 a 4500
001 vtls010116257
003 SK-MaSNL
005 20260304160742.0
008 250507c2009 xo ||||||||||||00 b|slo
015 |a SNBRB2010/07  |2 snkbucl 
035 |a (uuid)68043249-20a9-49a3-913d-175861aa4597 
035 |a urn:nbn:sk:snk-ab16ki 
035 |a (urnnbn)urn:nbn:sk:snk:ar-a06oq4 
038 |a SNKBUCL 
040 |a SNKBUCL  |b slo  |c SNKBUCL  |e AACR2 
041 0 |a eng  |b eng 
044 |a xo  |c SK 
080 |a 581.9  |x (437.6)  |x (477)  |x (439)  |2 1997 
080 |a 581.524/.526  |x (437.6)  |x (477)  |x (439)  |2 1997 
100 1 |a Kricsfalusy, Vladimir  |4 aut  |9 799669 
245 1 0 |a Flora and vegetation of the Bodrog catchment area (International expedition to the Upper Tisza region)  |c Vladimir Kricsfalusy, Andriy Mihály 
504 |a Bibliogr. odkazy 
546 |a Res. angl. 
650 0 7 |a flóra  |2 snkbucl  |9 85117 
650 0 7 |a vegetácia  |2 snkbucl  |9 15727 
650 0 7 |a povodia  |2 SNKPH  |9 3749 
651 7 |a Bodrog (Slovensko a Maďarsko : rieka)  |2 SNKPHgeo  |9 159190 
651 7 |a Ukrajina  |2 SNKPHgeo  |9 168045 
700 1 |a Mihály, Andriy  |4 aut  |9 1483776 
773 0 |t Thaiszia. Journal of botany  |g Vol. 19, Suppl. 1 (2009), s. 135-151  |x 1210-0420 
850 |a Slovenská národná knižnica 
852 |a Slovenská národná knižnica 
958 |a article27 
958 |a NB 
958 |a SK 
958 |a UA 
958 |a HU 
958 |a OND 
958 |a EUIPO 
999 |c 2968721  |d 2970651